000 00388nam a2200145Ia 4500
008 240729s9999 xx 000 0 und d
022 _a0127-9750
245 0 _aJournal of ICT in Education
260 _aMalaysia
260 _bPejabat Karang Mengarang UPSI
650 _aEducation
856 _uhttps://doaj.org/toc/dc81757206ff4db6a30e82301c402477
942 _2ddc
942 _cDOAJEJ
999 _c74541
_d74541
945 _a1
_bMadushi Gamage
_c1
_dMadushi Gamage